読みが二文字の市 - Statistics

General Stats
  • This quiz has been taken 61 times
  • The average score is 70 of 86
Answer Stats
都道府県 市名 % Correct
佐賀県 佐賀市
100%
石川県 加賀市
96%
三重県 伊勢市
96%
奈良県 奈良市
96%
沖縄県 那覇市
96%
茨城県 水戸市
94%
千葉県 千葉市
94%
岐阜県 岐阜市
94%
広島県 呉市
94%
山口県 宇部市
94%
徳島県 阿波市
94%
秋田県 男鹿市
92%
熊本県 阿蘇市
92%
青森県 むつ市
90%
岩手県 久慈市
90%
岐阜県 下呂市
90%
岐阜県 関市
90%
三重県 志摩市
90%
高知県 土佐市
90%
佐賀県 鳥栖市
90%
石川県 珠洲市
88%
山梨県 甲斐市
88%
静岡県 伊豆市
88%
三重県 伊賀市
88%
三重県 鳥羽市
88%
京都府 宇治市
88%
山口県 萩市
88%
長野県 伊那市
86%
静岡県 富士市
86%
愛知県 あま市
86%
長崎県 壱岐市
86%
大分県 宇佐市
86%
埼玉県 加須市
84%
東京都 多摩市
84%
神奈川県 座間市
84%
富山県 氷見市
84%
奈良県 宇陀市
84%
山口県 美祢市
84%
長野県 佐久市
82%
岐阜県 美濃市
82%
岐阜県 飛騨市
82%
愛媛県 伊予市
82%
熊本県 宇城市
82%
栃木県 佐野市
80%
新潟県 佐渡市
80%
大阪府 八尾市
80%
佐賀県 小城市
80%
熊本県 宇土市
80%
北海道 伊達市
78%
宮城県 登米市
78%
福島県 伊達市
78%
茨城県 古河市
78%
埼玉県 戸田市
78%
千葉県 野田市
78%
長野県 諏訪市
78%
愛知県 知多市
78%
奈良県 御所市
78%
高知県 安芸市
78%
沖縄県 名護市
78%
東京都 日野市
76%
長野県 茅野市
76%
福岡県 八女市
76%
大分県 日田市
76%
大分県 由布市
76%
茨城県 那珂市
75%
埼玉県 久喜市
75%
神奈川県 逗子市
75%
山梨県 都留市
75%
岐阜県 恵那市
75%
滋賀県 野洲市
75%
高知県 香美市
75%
鹿児島県 伊佐市
75%
埼玉県 志木市
73%
石川県 能美市
73%
岐阜県 土岐市
73%
岐阜県 可児市
73%
兵庫県 小野市
73%
福岡県 古賀市
73%
新潟県 加茂市
71%
福岡県 嘉麻市
71%
徳島県 美馬市
69%
兵庫県 三木市
67%
佐賀県 多久市
67%
兵庫県 養父市
65%
愛知県 瀬戸市
63%
鹿児島県 曽於市
63%
No matching quizzes found
Score Distribution
Percent of People with Each Score
Percentile by Number Answered
Your Score History
You have not taken this quiz